La reforma del derecho de la persona y de la familia Jurisdiccin̤ Voluntaria y proteccin̤ a la infancia y a la adolescencia /

Detalles Bibliográficos
Autor principal: OþCallaghan Muǫz, Xavier
Formato: Software eBook
Lenguaje:español
Publicado: Madrid: Editorial Universitaria Ramn̤ Areces, 2017
Materias:
Acceso en línea:Acceso restringido

MARC

LEADER 00000nam a22000007a 4500
005 20180927230426.0
007 co|||| ||||
008 180927s2017 es |||||s|||| 00||0 spa d
020 |a 978-84-9961-256-0 
035 |a 22044 
040 |a vLex 
090 |c 8136  |d 8136 
100 1 |a OþCallaghan Muǫz, Xavier 
245 1 2 |a La reforma del derecho de la persona y de la familia  |h [Recurso electrn̤ico] :  |b Jurisdiccin̤ Voluntaria y proteccin̤ a la infancia y a la adolescencia /  |c Xavier OþCallaghan Muǫz 
256 |a Servicio en ln̕ea 
260 |a Madrid:  |b Editorial Universitaria Ramn̤ Areces,  |c 2017 
300 |a 1 recurso electrn̤ico 
500 |a Durante 2015 se llev ̤a cabo en nuestro ordenamiento jurd̕ico una amplia reforma legal de los instrumentos de proteccin̤ jurd̕ica de la infancia y la adolescencia (LO 8/2015 y L 26/2015) y modificaciones introducidas por la L 15/2015 de la Jurisdiccin̤ Voluntaria que abarcan diferentes aspectos relativos al Derecho de la persona, de la familia y sobre cuestiones sucesorias. Cuando se acomete una reforma de tal entidad es habitual que surjan diferentes monografa̕s explicando e interpretando el alcance de la nueva regulacin̤. La caracters̕tica que distingue a este libro de otros es que su contenido ren︢e todas las instituciones que han sido modificadas. 
506 1 |a Disponible solo en los productos indicados  |d vLex Global  |d vLex Global (Academic Edition, excluding Law Schools)  |d vLex Global (U.S. Academic Edition, Law Schools)  |d vLex Global (U.S. Academic Edition, excluding Law Schools)  |d vLex Global (Academic Edition, Law Schools) 
650 0 4 |a Derecho Civil  |z Espaą 
650 0 4 |a Familia y Sucesiones  |z Espaą 
650 0 4 |a Persona  |z Espaą 
740 0 |a vLex Libros (Servicio en ln̕ea) 
856 4 0 |u http://vlex.com/source/reforma-del-derecho-de-la-persona-y-de-la-familia-jurisdiccion-voluntaria-y-proteccion-a-la-infancia-y-a-la-adolescencia-22044  |z Acceso restringido 
942 |c BOOK 
999 0 |a Civil Law 
999 0 |a Family and Successions 
999 0 |a Person